UM Logo

Dallas, Texas : (Record no. 23096)

MARC details
000 -LEADER
fixed length control field 00561nam a22001457a 4500
005 - DATE AND TIME OF LATEST TRANSACTION
control field 20250207171143.0
008 - FIXED-LENGTH DATA ELEMENTS--GENERAL INFORMATION
fixed length control field 241108b |||||||| |||| 00| 0 eng d
100 ## - MAIN ENTRY--PERSONAL NAME
Personal name Chancellor, David.
Relator term author.
9 (RLIN) 63792
245 ## - TITLE STATEMENT
Title Dallas, Texas :
Remainder of title King of the trophies /
Statement of responsibility, etc. David Chancellor.
260 ## - PUBLICATION, DISTRIBUTION, ETC. (IMPRINT)
Place of publication, distribution, etc. Washington ;
Name of publisher, distributor, etc. National Geographic Partners, LLC.,
Date of publication, distribution, etc. December 2022.
300 ## - PHYSICAL DESCRIPTION
Extent volume 241, pages 88-89,
Other physical details illustration.
500 ## - GENERAL NOTE
General note National Geographic, v. 242, n. 12, pages 88-89, December 2022.
700 ## - ADDED ENTRY--PERSONAL NAME
Personal name Chancellor, David.
Relator term author.
9 (RLIN) 63791
942 ## - ADDED ENTRY ELEMENTS (KOHA)
Source of classification or shelving scheme Dewey Decimal Classification
Koha item type Periodicals
Holdings
Withdrawn status Lost status Source of classification or shelving scheme Damaged status Not for loan Collection code Home library Current library Date acquired Total Checkouts Date last seen Price effective from Koha item type Public note
    Dewey Decimal Classification     Periodicals UM Digos College - LIC UM Digos College - LIC 11/08/2024   11/08/2024 11/08/2024 Periodicals Periodical Article